Представление документа в формате RUSMARC

ПолеНазваниеЗначение
  Тип записи a
  Библиографический уровень a
001 Контрольный номер RU/CBS_UL/BASE/989434f0644a4a99ae81d9f5702e3084
005 Дата корректировки 20260413135040.5
100 Данные общей обработки __
a Данные общей обработки 20260413 ||| 0rusy0189 ca
101 Язык документа 0_
a Язык текста rus
102 Страна публикации __
a Страна публикации RU
200 Заглавие и сведения об ответственности 1_
a Заглавие В позитивном музыкальном ключе
e Сведения, относящиеся к заглавию [беседа с Ю. Башметом о том, почему с классической музыкой надо знакомиться в раннем детстве]
f Первые сведения об ответственности О. Шаблинская
300 Общие примечания __
a Общие примечания 16+
461 Уровень набора _0
1 2000
a Аргументы и факты
463 Уровень физической единицы _0
1 2000
a № 13 (1-7 апр.)
v С. 19 : фот.
1 2101
d 2026
1 001RU/CBS_UL/BASE/8a60833d87fa4c2bb4b8641ba00e153e
600 Персоналии _1
a Персоналии (Фамилия) Башмет
b Персоналии (Имя, инициалы) Ю.А.
606 Тематические рубрики 0_
a Основная рубрика Башмет, Юрий Абрамович (1953)
610 Ключевые слова 0_
a Ключевые слова музыканты советские, музыканты российские, альтисты, дирижёры, педагоги, общественные деятели, Герои Труда Российской Федерации, народные артисты СССР, лауреаты Государственной премии СССР
686 Индексы других классификаций __
2 Код системы rubbk
a Классификационный индекс 85.315
700 Автор _1
a Фамилия Шаблинская
b Имя (инициалы) О.
801 Источник записи _0
a Страна RU
b Организация МБУК ЦБС г. Ульяновска
c Дата составления 20260413
g Правила каталогизации RCR
801 Источник записи _1
a Страна RU
b Организация МБУК ЦБС г. Ульяновска
c Дата составления 20260413
g Правила каталогизации RCR
901 Тип документа __
t Тип документа f
w Контрольный № источника RU/CBS_UL/BASE/8a60833d87fa4c2bb4b8641ba00e153e
909 Создатель записи __
a Создатель записи lib1